Loading...
| Science - Physics | 0 | 5 | 0 | 2 | 50 | 103 | 115.00 | 0 | 4 | 1.12 | 17.50 |
| History - World | 0 | 3 | 0 | 1 | 30 | 40 | 99.67 | 1 | 3 | 7.02 | 17.50 |
| Religion | 0 | 2 | 0 | 0 | 20 | 98 | 116.00 | 0 | 2 | 1.76 | 10.00 |
| History - European | 0 | 2 | 0 | 1 | 20 | 114 | 120.50 | 0 | 1 | 0.31 | 7.50 |
| Science - Other | 0 | 2 | 1 | 2 | 15 | 119 | 121.50 | 0 | 1 | 0.08 | 10.00 |
| Fine Arts - Classical Music | 0 | 1 | 0 | 0 | 10 | 111 | 111.00 | 0 | 0 | 1.26 | 10.00 |
| History - Other | 0 | 1 | 0 | 1 | 10 | 122 | 122.00 | 0 | 0 | 0.00 | 2.50 |
| Other Academic | 0 | 1 | 0 | 0 | 10 | 93 | 93.00 | 0 | 1 | 10.26 | 12.50 |
| Philosophy | 0 | 1 | 0 | 1 | 10 | 115 | 115.00 | 0 | 1 | 0.00 | 2.50 |
| Science - Chemistry | 0 | 1 | 0 | 0 | 10 | 100 | 100.00 | 1 | 1 | 1.38 | 10.00 |
| Social Science | 0 | 1 | 1 | 0 | 5 | 108 | 108.00 | 0 | 1 | 0.77 | 7.50 |